00303 a2200109 4500001000700000020000600007040001100013100005500024240005500079245005000134362000900184170429 a  cMagnum aInstituto Nacional de Estudos e Pesquisas Educa...10aSinopse estatistica da educacao basica - 1998lpor10aSinopse estatistica da educacao basica - 19980 a1899